Roma all-time top scorers - Statistics

General Stats
  • This quiz has been taken 12 times
  • The average score is 3 of 10
Answer Stats
Goals Nationality Player % Correct
119 Bosnia and Herzegovina Edin Džeko
100%
307 Italy Francesco Totti
100%
87 Argentina Abel Balbo
18%
83 Italy Marco Delvecchio
18%
138 Italy Roberto Pruzzo
18%
94 Italy Vincenzo Montella
18%
75 Italy Giuseppe Giannini
9%
106 Italy Rodolfo Volk
9%
111 Italy Amedeo Amadei
0%
76 Argentina Pedro Waldemar Manfredini
0%
No matching quizzes found
Score Distribution
Percent of People with Each Score
Percentile by Number Answered
Your Score History
You have not taken this quiz